书目信息 |
| 题名: |
关于人为事物的科学
|
|
| 作者: | 西蒙 著 ;杨砾 译 | |
| 分册: | ||
| 出版信息: | 北京 解放军出版社 1985 |
|
| 页数: | 228页 | |
| 开本: | 19cm | |
| 丛书名: | ||
| 单 册: | ||
| 中图分类: | C0 | |
| 科图分类: | ||
| 主题词: | 社会科学--理论 , 社会科学--方法论 | |
| 电子资源: | ||
| ISBN: | ||
| 000 | 00771nam0 2200265 45 | |
| 001 | 0185020137 | |
| 005 | 20050614164406.9 | |
| 010 | @dCNY1.50 | |
| 091 | @a17185.3 | |
| 100 | @a19900829d1985 kemy0chiy0121 ea | |
| 101 | 1 | @achi@ceng |
| 102 | @aCN@b110000 | |
| 105 | @ay z 000yy | |
| 200 | 10 | @a关于人为事物的科学@Aguan yu ren wei shi wu de ke xue@f(美)赫伯特·A·西蒙著@F(Mei)He Bo Te·A·Xi Meng Zhu@g杨砾译 |
| 210 | @a北京@c解放军出版社@d1985 | |
| 215 | @a228页@d19cm | |
| 300 | @a根据麻省理工学院出版社1981年第2版译出 | |
| 606 | @a社会科学@x理论 | |
| 606 | 0 | @a社会科学@x方法论 |
| 690 | @aC0@v3 | |
| 701 | 0 | @a西蒙@4著 |
| 702 | 0 | @a杨砾@Ayang li@4译 |
| 801 | 0 | @aCN@b深圳图书馆@c20040505 |
| 801 | 2 | @aCN@bNLC@c20040505 |
| 905 | @dC0@e11@b170461@f1 | |
| 关于人为事物的科学/(美)赫伯特·A·西蒙著/杨砾译.-北京:解放军出版社,1985 |
| 228页;19cm |
| 根据麻省理工学院出版社1981年第2版译出 |
| ISBN :CNY1.50 |
| ● |
| 相关链接 |
|
|
|
|
正题名:关于人为事物的科学
索取号:C0/11
 
预约/预借
| 序号 | 登录号 | 条形码 | 馆藏地/架位号 | 状态 | 备注 |
| 1 | 0170459 | 002018042 | 密集书库/ [索取号:C0/11] | 在馆 | |
| 2 | 0170460 | 001121217 | 第一借阅区/ [索取号:C0/11] | 在馆 | |
| 3 | 0170461 | 001121208 | 第一样本阅览室/ [索取号:C0/11] | 在馆 |